000 00290nam a22001097a 4500
008 170111b xxu||||| |||| 00| 0 eng d
020 _a9780801609701
041 _aeng
080 _23RD
_a618.2
245 _aTHEORY AND NURSING/ A SYSTEMATIC APPROACH
_cCHIN, P.L & KRAMER, M.K
942 _2udc
_cBK
999 _c2696
_d2696